| 000 | 00494nam a2200181 a 4500 | ||
|---|---|---|---|
| 001 | 2177 | ||
| 003 | CDMR | ||
| 005 | 20130801105545.0 | ||
| 008 | 130130s1991||||||||||||||||||||||||||||d | ||
| 020 | _a8479350474 | ||
| 040 |
_aCDMR _bcat _cCPC LLEIDA |
||
| 100 | 1 |
_aCompany, Ximo _9884 |
|
| 245 | 1 | 3 |
_aLa pintura dels Osona _b: una cruïlla d'hispanismes, flamenquismes i italismes _cXimo Company |
| 260 |
_aLleida _c1991 _bPagès |
||
| 300 | _a2 v. | ||
| 490 | 0 | _aEl Fil d'Ariadna | |
| 942 |
_cMON _2ddc |
||
| 999 |
_c2177 _d2177 |
||